Petit traité des synonimes latins / (Record no. 159286)

MARC details
000 -LEADER
campo de control de longitud fija 00665nam a2200181 i 4500
001 - NÚMERO DE CONTROL
campo de control 159286
003 - IDENTIFICADOR DE NÚMERO DE CONTROL
campo de control ES-MaACL
005 - FECHA Y HORA DE LA ÚLTIMA TRANSACCIÓN
campo de control 20230906211528.0
008 - DATOS DE LONGITUD FIJA--INFORMACIÓN GENERAL
campo de control de longitud fija 040909s1894 be |||| | fre d
040 ## - FUENTE DE CATALOGACIÓN
Centro catalogador/agencia de origen CAM
Lengua de catalogación spa
Centro/agencia transcriptor CAM
100 1# - ENTRADA PRINCIPAL--NOMBRE DE PERSONA
Nombre de persona Meissner, Carl.
9 (RLIN) 129800
245 10 - MENCIÓN DEL TÍTULO
Título Petit traité des synonimes latins /
Mención de responsabilidad, etc. par Carl Meissner; traduit sur la 4\pe\s édition par P. Altenhoven.
260 ## - PUBLICACIÓN, DISTRIBUCIÓN, ETC.
Lugar de publicación, distribución, etc. Namur :
Nombre del editor, distribuidor, etc. Imprimerie Classique de Ad. Wesmael-Charlier éditeur,
Fecha de publicación, distribución, etc. 1894.
300 ## - DESCRIPCIÓN FÍSICA
Extensión 96 p. ;
Dimensiones 19 cm.
650 04 - PUNTO DE ACCESO ADICIONAL DE MATERIA--TÉRMINO DE MATERIA
Término de materia o nombre geográfico como elemento de entrada Lengua latina-
Subdivisión general Sinónimos y antónimos-
Subdivisión de forma Diccionarios.
9 (RLIN) 14305
700 1# - ENTRADA AGREGADA--NOMBRE PERSONAL
Nombre de persona Altenhoven, P.
9 (RLIN) 125630
852 ## - LOCALIZACIÓN
Ubicación ES-MaACL
Número de control de estantería D-4167
Nota libre -- Enc. cartón
Holdings
Estatus retirado Estado de pérdida Estado de daño No para préstamo Colección Biblioteca de origen Biblioteca actual Ubicación en estantería Fecha de adquisición Fuente de adquisición Total de préstamos Signatura topográfica completa Código de barras Visto por última vez Precio de reemplazo Tipo de ítem Koha
        Libros del s. XIX Biblioteca del Ateneo de Madrid Biblioteca del Ateneo de Madrid Sala Valle Inclán 17/01/2008     D-4167 901166747 23/02/2023 23/02/2023 Libro impreso antiguo